000 00284nam a22001097a 4500
008 170119b xxu||||| |||| 00| 0 eng d
020 _a0966789024
041 _aeng
080 _a618.2
245 _aCLINICAL CHALLENGES IN WOMEN'S HEALTH IN THE 21ST CENTUR
_cWYSOCKI, S
942 _2udc
_cBK
999 _c3146
_d3146